| 000 | 00551cam a2200205 4500 | ||
|---|---|---|---|
| 001 | B3447 | ||
| 008 | 090401t1991 xxu||||| |||| 00| 0 eng d | ||
| 035 | _a(Sirsi) u56066 | ||
| 041 | _aeng | ||
| 050 | _a338.4769 | ||
| 100 | _aPrice, A.D.F. | ||
| 245 | _aMeasurement of construction productivity : concrete gangs | ||
| 260 |
_aAscot,Berks _bChartered Institute of Building _c1991 |
||
| 300 | _a8p. ; 30cm. | ||
| 350 | _a3.5 | ||
| 490 |
_aTechnical Information Service _v128 |
||
| 650 | _aBUILDING INDUSTRY | ||
| 942 | _n0 | ||
| 948 | _c04/03/1997 | ||
| 999 |
_c93714 _d93714 |
||